| 000 | 00983cam a22003017a 4500 | ||
|---|---|---|---|
| 003 | CHAP | ||
| 005 | 20220329142512.0 | ||
| 008 | 010809d1997 fr r 00110 eng d | ||
| 010 | _a84413 | ||
| 011 | _a85385 | ||
| 020 | _a9280311662 | ||
| 035 | _a95918 | ||
| 040 | _cCHAP | ||
| 082 | 0 | 4 |
_a370 _bS8 |
| 100 | 0 | 0 |
_aStromquist, Nelly P. _9110015 |
| 245 | 1 | 0 |
_aIncreasing girls' and women's participation in basic education _c/by Nelly P. Stromquist |
| 260 |
_aFrancia : _bUNESCO. International Institute for Educational Planning, _c1997. |
||
| 300 | _a111 p. | ||
| 590 |
_aBATCH-UPD _b10 _c20130110 _lUCH01 _h1013 |
||
| 590 |
_aBATCH-UPD _b10 _c20130410 _lUCH01 _h0620 |
||
| 590 |
_aBATCH-UPD _b10 _c20130914 _lUCH01 _h1243 |
||
| 590 |
_aCONVERSION _b10 _c20130109 _lUCH01 _h1347 |
||
| 650 | 1 | 4 |
_aEducación de la mujer. _935565 |
| 901 | _aBK | ||
| 905 | _aLilia Sánchez G. | ||
| 942 | _cLIBRO | ||
| 949 |
_a370 S8 _bBC _cLIBRO _d33724000839163 _eLIBRO _h100890 _i95918 _kI. c/e _si _t$184.00 |
||
| 999 |
_c84413 _d84413 |
||